Ligue 1 Best Starting XI By Team - Statistics

General Stats
  • This quiz has been taken 664 times
    641 since last reset
  • The average score is 56 of 132
Answer Stats
Team Player % Correct
Paris Saint-Germain Edinson Cavani
98%
Paris Saint-Germain Thiago Silva
98%
Monaco Bernardo Silva
97%
Paris Saint-Germain Zlatan Ibrahimović
97%
Rennes Damien Da Silva
96%
Paris Saint-Germain Kevin Trapp
95%
Monaco Radamel Falcao
95%
Paris Saint-Germain Serge Aurier
92%
Paris Saint-Germain Blaise Matuidi
91%
Monaco Danijel Subašić
90%
Lille Jonathan David
90%
Paris Saint-Germain Lucas Moura
90%
Paris Saint-Germain Thiago Motta
89%
Monaco Kamil Glik
88%
Paris Saint-Germain David Luiz
87%
Paris Saint-Germain Maxwell
87%
Paris Saint-Germain Ángel Di María
86%
Rennes Edouard Mendy
86%
Monaco Benjamin Mendy
85%
Monaco Fabinho
85%
Montpellier Olivier Giroud
82%
Lille Burak Yılmaz
79%
Monaco Thomas Lemar
79%
Lille Mike Maignan
78%
Monaco Djibril Sidibé
77%
Lille José Fonte
77%
Marseille Steve Mandanda
74%
Lyon Juninho
73%
Monaco Tiemoué Bakayoko
72%
Monaco Valère Germain
67%
Lille Sven Botman
65%
Lille Benjamin André
63%
Lille Reinildo
62%
Lyon Grégory Coupet
61%
Monaco Jemerson
61%
Lille Zeki Çelik
61%
Lille Jonathan Bamba
60%
Nice Mario Balotelli
60%
Marseille Mamadou Niang
56%
Rennes M'Baye Niang
56%
Saint-Etienne Stéphane Ruffier
56%
Bordeaux Yoann Gourcuff
56%
Nice Dante
55%
Lyon Cris
54%
Lille Jonathan Ikone
54%
Montpellier | Nice Younès Belhanda
53%
Lyon Sidney Govou
50%
Rennes Hamari Traoré
49%
Marseille Lucho González
48%
Montpellier Vitorino Hilton
47%
Lyon Florent Malouda
46%
Marseille Gabriel Heinze
46%
Lyon Tiago Mendes
46%
Bordeaux Marouane Chamakh
45%
Marseille Taye Taiwo
45%
Marseille Brandão
44%
Montpellier Geoffrey Jourdren
44%
Lyon Anthony Réveillère
43%
Bordeaux | Marseille Souleymane Diawara
43%
Bordeaux Alou Diarra
42%
Lyon Mahamadou Diarra
42%
Nice Jean Seri
40%
Rennes Jérémy Morel
40%
Saint-Etienne Loïc Perrin
39%
Saint-Etienne Mevlüt Erdinç
39%
Marseille Édouard Cissé
38%
Montpellier Henri Bedimo
38%
Marseille Benoît Cheyrou
37%
Rennes Benjamin Bourigeaud
36%
Nantes Mickaël Landreau
35%
Lyon Éric Abidal
34%
Montpellier Souleymane Camara
34%
Lyon Sylvain Wiltord
34%
Nice Ricardo Pereira
33%
Marseille Stéphane Mbia
33%
Montpellier Mapou Yanga-Mbiwa
32%
Rennes Raphinha
32%
Lyon Cláudio Caçapa
31%
Montpellier John Utaka
31%
Saint-Etienne Romain Hamouma
31%
Bordeaux Ulrich Ramé
30%
Bordeaux Benoît Trémoulinas
28%
Rennes Eduardo Camavinga
28%
Bordeaux Fernando Cavenaghi
28%
Lille Boubakary Soumaré
27%
Bordeaux Marc Planus
27%
Nice Yoan Cardinale
27%
Marseille Laurent Bonnart
26%
Nice Dalbert Henrique
24%
Bordeaux Wendel
24%
Saint-Etienne Moustapha Bayal Sall
22%
Montpellier Garry Bocaly
21%
Montpellier Marco Estrada
21%
Saint-Etienne François Clerc
20%
Bordeaux Matthieu Chalmé
20%
Auxerre Benoît Pedretti
19%
Saint-Etienne Fabien Lemoine
19%
Nice Wylan Cyprien
19%
Auxerre Ireneusz Jeleń
18%
Nice Alassane Pléa
16%
Nantes Éric Carrière
16%
Bordeaux Fernando
16%
Montpellier Jamel Saihi
16%
Saint-Etienne Jérémy Clément
15%
Saint-Etienne Renaud Cohade
12%
Auxerre Dennis Oliech
11%
Saint-Etienne Franck Tabanou
10%
Auxerre Valter Birsa
10%
Auxerre Stéphane Grichting
9%
Rennes Adrien Hunou
8%
Saint-Etienne Benjamin Corgnet
8%
Auxerre Daniel Niculae
8%
Rennes Faitout Maouassa
8%
Nantes Viorel Moldovan
8%
Auxerre Olivier Sorin
7%
Auxerre Adama Coulibaly
6%
Rennes Romain Del Castillo
6%
Auxerre Cédric Hengbart
5%
Nantes Frédéric Da Rocha
5%
Nice Valentin Eysseric
5%
Auxerre Delvin N'Dinga
4%
Nantes Nicolas Gillet
4%
Nantes Stéphane Ziani
4%
Nice Arnaud Souquet
3%
Auxerre Jean-Pascal Mignot
3%
Nantes Néstor Fabbri
3%
Nantes Salomon Olembé
3%
Nantes Mathieu Berson
2%
Nantes Nicolas Laspalles
2%
Nantes Nicolas Savinaud
2%
No matching quizzes found
Score Distribution
Percent of People with Each Score
Percentile by Number Answered
Your Score History
You have not taken this quiz since the last reset